000 00301 a2200145 4500
001 170324
020 _a
040 _cMagnum
100 _aDainty, Peter
240 1 0 _aThe love of a king
_lING
245 1 0 _aThe love of a king
362 0 _a1899
697 _aLITERATURA ESTRANGEIRA
942 _cBK
999 _c170324
_d170324